[Event "San Francisco TNM Wilkerson U2000 op"]
[Site "San Francisco"]
[Date "2020.02.04"]
[Round "4"]
[White "Casares, Nick Jr"]
[Black "Sri, Krishnan M"]
[Result "0-1"]
[WhiteElo "1438"]
[BlackElo "1601"]
[PlyCount "60"]
[EventDate "2020.01.07"]
[EventType "swiss"]
[EventRounds "7"]
[EventCountry "USA"]
[SourceTitle "EXT 2021"]
[Source "ChessBase"]
[SourceDate "2020.10.23"]
[SourceVersion "1"]
[SourceVersionDate "2020.10.23"]
[SourceQuality "1"]

1. e4 e6 2. d4 d5 3. e5 c5 4. c3 Nc6 5. Nf3 Qb6 6. a3 a5 7. Be2 Nh6 8. 0-0 Nf5 9. Bd3 Be7 10. a4 0-0 11. Na3 cxd4 12. Nb5 dxc3 13. bxc3 Qd8 14. Ba3 b6 15. Bxe7 Ncxe7 16. g4 Nh6 17. h3 Ng6 18. Qd2 f6 19. Bxg6 hxg6 20. Nbd4 Nf7 21. Qe3 Re8 22. Rab1 Bd7 23. Ra1 Qc7 24. Rfe1 Rac8 25. Rec1 fxe5 26. Ne2 Bc6 27. Nh4 Kh7 28. Ng3 Ra8 29. c4 Qe7 30. Qd3 Qxh4 0-1

[Event "San Francisco TNM Fall op"]
[Site "San Francisco"]
[Date "2017.10.24"]
[Round "1"]
[White "Walder, Michael S"]
[Black "Casares, Nick Jr"]
[Result "1-0"]
[WhiteElo "1971"]
[BlackElo "1600"]
[PlyCount "77"]
[EventDate "2017.10.24"]
[EventType "swiss"]
[EventRounds "9"]
[EventCountry "USA"]
[SourceTitle "EXT 2023"]
[Source "ChessBase"]
[SourceDate "2022.10.05"]
[SourceVersion "1"]
[SourceVersionDate "2022.10.05"]
[SourceQuality "1"]

1. c4 e5 2. g3 Nf6 3. Bg2 d5 4. cxd5 Nxd5 5. Nc3 Be6 6. Nf3 Nd7 7. 0-0 c6 8. d4 f6 9. dxe5 Nxe5 10. Nxd5 cxd5 11. Nd4 Bf7 12. Qb3 Qd7 13. Rd1 Rd8 14. Bd2 Be7 15. Rac1 0-0 16. Bb4 Nc6 17. Nxc6 bxc6 18. Bxe7 Qxe7 19. Qc2 Rd6 20. e3 Rc8 21. Qc5 Qc7 22. b3 f5 23. Rd4 g5 24. Ra4 Qe7 25. Rxa7 Qe6 26. Ra4 h5 27. Rd4 h4 28. b4 hxg3 29. hxg3 Qd7 30. b5 Be6 31. b6 f4 32. exf4 Bf5 33. fxg5 Rg6 34. f4 Qe6 35. b7 Qe3+ 36. Kh2 Rb8 37. Rxd5 Qxc5 38. Rdxc5 Bg4 39. Rxc6 1-0

[Event "San Francisco Grey Memorial"]
[Site "San Francisco"]
[Date "2017.10.03"]
[Round "9"]
[White "Casares, Nick Jr"]
[Black "Kondakova, Elena"]
[Result "0-1"]
[WhiteElo "1600"]
[BlackElo "1295"]
[PlyCount "86"]
[EventDate "2017.08.08"]
[EventType "swiss"]
[EventRounds "9"]
[EventCountry "USA"]
[SourceTitle "EXT 2023"]
[Source "ChessBase"]
[SourceDate "2022.10.05"]
[SourceVersion "1"]
[SourceVersionDate "2022.10.05"]
[SourceQuality "1"]

1. e4 c5 2. Nf3 Nc6 3. d4 cxd4 4. Nxd4 g6 5. Nc3 Bg7 6. Be3 Nf6 7. f3 0-0 8. Bc4 e6 9. g4 d5 10. Nxc6 bxc6 11. Bb3 Qd6 12. Qd2 Bb7 13. 0-0-0 Rfd8 14. e5 Qxe5 15. Bf4 Ne4 16. fxe4 Qf6 17. Bg5 Qe5 18. Bxd8 Rxd8 19. Na4 c5 20. c3 d4 21. Rhe1 Bf6 22. Kb1 dxc3 23. Qxc3 Qxe4+ 24. Qc2 Qxg4 25. Rxd8+ Bxd8 26. Ka1 Bh4 27. Rd1 Bf3 28. Rd7 e5 29. Nxc5 Qg1+ 30. Rd1 Bxd1 31. Qxd1 Qxc5 32. a3 Qd4 33. Qf3 Qf2 34. Qe4 Qe1+ 35. Qxe1 Bxe1 36. Bd5 Kf8 37. b4 f5 38. Kb2 Ke7 39. Kb3 Kd6 40. Kc4 e4 41. Bg8 f4 42. Bxh7 f3 43. Bxg6 f2 0-1

[Event "San Francisco Grey Memorial"]
[Site "San Francisco"]
[Date "2017.09.26"]
[Round "8"]
[White "Casares, Nick Jr"]
[Black "Boldi, Nicholas Armen"]
[Result "0-1"]
[WhiteElo "1600"]
[BlackElo "1250"]
[PlyCount "32"]
[EventDate "2017.08.08"]
[EventType "swiss"]
[EventRounds "9"]
[EventCountry "USA"]
[SourceTitle "EXT 2023"]
[Source "ChessBase"]
[SourceDate "2022.10.05"]
[SourceVersion "1"]
[SourceVersionDate "2022.10.05"]
[SourceQuality "1"]

1. e4 e6 2. d4 d5 3. e5 c5 4. c3 Nc6 5. Nf3 Bd7 6. Na3 Qb6 7. Nc2 Nge7 8. dxc5 Qc7 9. Bf4 Ng6 10. Bg3 Bxc5 11. b4 Be7 12. b5 Ncxe5 13. Qd2 Rc8 14. c4 Nxc4 15. Bxc4 Qxc4 16. Ncd4 Bb4 0-1

[Event "San Francisco Grey Memorial"]
[Site "San Francisco"]
[Date "2017.08.29"]
[Round "4"]
[White "Casares, Nick Jr"]
[Black "Than, Maung"]
[Result "0-1"]
[WhiteElo "1600"]
[BlackElo "1416"]
[PlyCount "46"]
[EventDate "2017.08.08"]
[EventType "swiss"]
[EventRounds "9"]
[EventCountry "USA"]
[SourceTitle "EXT 2023"]
[Source "ChessBase"]
[SourceDate "2022.10.05"]
[SourceVersion "1"]
[SourceVersionDate "2022.10.05"]
[SourceQuality "1"]

1. e4 c5 2. Nf3 g6 3. d4 cxd4 4. Qxd4 Nf6 5. e5 Nc6 6. Qc3 Nd5 7. Qd3 Ndb4 8. Qc3 Bg7 9. Bf4 Nd5 10. Qd2 Nxf4 11. Qxf4 Qa5+ 12. c3 Nxe5 13. Nd4 Nd3+ 14. Bxd3 0-0 15. Nb3 Qd5 16. Qe4 Qg5 17. f4 Qf6 18. 0-0 d6 19. Nd4 Rb8 20. Nd2 Rd8 21. Rae1 a6 22. Nc4 b5 23. Na5 e6 0-1

[Event "San Francisco TNM Summer op"]
[Site "San Francisco"]
[Date "2017.06.27"]
[Round "6"]
[White "Badgett Jr, James Raymond"]
[Black "Casares, Nick Jr"]
[Result "0-1"]
[WhiteElo "1157"]
[BlackElo "1611"]
[PlyCount "88"]
[EventDate "2017.05.23"]
[EventType "swiss"]
[EventRounds "8"]
[EventCountry "USA"]
[SourceTitle "EXT 2023"]
[Source "ChessBase"]
[SourceDate "2022.10.05"]
[SourceVersion "1"]
[SourceVersionDate "2022.10.05"]
[SourceQuality "1"]

1. e4 e5 2. Nf3 Nc6 3. Nc3 Nf6 4. Bc4 Nxe4 5. Nxe4 d5 6. Neg5 e4 7. Bb3 Be7 8. d4 exf3 9. Nxf3 Bg4 10. Be3 0-0 11. Qd2 h6 12. h3 Be6 13. c3 f5 14. Bc2 f4 15. Qd3 Bf5 16. Qd1 Bxc2 17. Qxc2 fxe3 18. 0-0-0 exf2 19. Kb1 Bd6 20. Qxf2 Qf6 21. Rd3 Rae8 22. Rf1 Qg6 23. Qc2 Bg3 24. a3 Na5 25. Rfd1 Nc4 26. Ka2 Ne3 27. Qb3 Nxd1 28. Qxd5+ Qe6 29. Qxe6+ Rxe6 30. Rxd1 Re2 31. Ne5 Bxe5 32. dxe5 Rff2 33. Rd8+ Rf8 34. Rd7 Rf7 35. Rd8+ Rf8 36. Rd7 Rxe5 37. Rxc7 Rb5 38. Rd7 Rf2 39. Rd8+ Kh7 40. a4 Rbxb2+ 41. Ka3 Rxg2 42. Rd4 a5 43. Rc4 Ra2+ 44. Kb3 Rgb2# 0-1

[Event "San Francisco TNM Summer op"]
[Site "San Francisco"]
[Date "2017.06.20"]
[Round "5"]
[White "Baer, Michael"]
[Black "Casares, Nick Jr"]
[Result "1-0"]
[WhiteElo "1306"]
[BlackElo "1611"]
[PlyCount "101"]
[EventDate "2017.05.23"]
[EventType "swiss"]
[EventRounds "8"]
[EventCountry "USA"]
[SourceTitle "EXT 2023"]
[Source "ChessBase"]
[SourceDate "2022.10.05"]
[SourceVersion "1"]
[SourceVersionDate "2022.10.05"]
[SourceQuality "1"]

1. d4 d5 2. Bf4 Bf5 3. Nf3 Nf6 4. Nbd2 e6 5. e3 Be7 6. c4 c6 7. Qb3 Qb6 8. c5 Qxb3 9. axb3 Nbd7 10. Be2 0-0 11. h3 a5 12. 0-0 b6 13. cxb6 Nxb6 14. Bc7 Bd8 15. Bd6 Re8 16. Ne5 Be7 17. Bxe7 Rxe7 18. Nxc6 Rc7 19. Rfc1 Rac8 20. Bb5 Kf8 21. Rxa5 Nfd7 22. Ra6 e5 23. Nf3 f6 24. Rc3 Rb7 25. Ra1 Nb8 26. Rac1 Bd7 27. Nxb8 Rcxb8 28. Bxd7 Nxd7 29. Rc8+ Ke7 30. Rxb8 Rxb8 31. Rc3 e4 32. Nd2 Ra8 33. Kf1 Ra2 34. Rc2 Ra1+ 35. Ke2 Rg1 36. g3 Rh1 37. h4 h5 38. Nf1 g5 39. hxg5 fxg5 40. b4 h4 41. gxh4 gxh4 42. b5 h3 43. Rc6 Nf6 44. b6 h2 45. b7 Rxf1 46. b8Q Re1+ 47. Kxe1 h1Q+ 48. Kd2 Kf7 49. Qc7+ Kg6 50. Qf4 Qf3 51. Rxf6+ 1-0

[Event "San Francisco TNM Spring op"]
[Site "San Francisco"]
[Date "2017.04.18"]
[Round "6"]
[White "Casares, Nick Jr"]
[Black "Kanis, Sierk"]
[Result "0-1"]
[WhiteElo "1600"]
[BlackElo "1897"]
[PlyCount "68"]
[EventDate "2017.03.14"]
[EventType "swiss"]
[EventRounds "8"]
[EventCountry "USA"]
[SourceTitle "EXT 2023"]
[Source "ChessBase"]
[SourceDate "2022.10.05"]
[SourceVersion "1"]
[SourceVersionDate "2022.10.05"]
[SourceQuality "1"]

1. e4 e6 2. d4 d5 3. e5 c5 4. c3 Nc6 5. Nf3 Qb6 6. Be2 Nge7 7. Na3 Nf5 8. Nc2 Be7 9. 0-0 Bd7 10. b3 f6 11. Bf4 0-0 12. g4 fxe5 13. Bxe5 Nh6 14. Ne3 Nxe5 15. Nxe5 Bb5 16. c4 cxd4 17. Nc2 Bf6 18. Nd3 dxc4 19. bxc4 Bxc4 20. Rb1 Qc7 21. f4 Nf7 22. Bf3 Rab8 23. g5 Be7 24. Qd2 e5 25. Bg2 exf4 26. h4 Ne5 27. Be4 f3 28. Nce1 Nxd3 29. Bxd3 Qg3+ 30. Kh1 Bxd3 31. Qxd3 Qxh4+ 32. Kg1 Qxg5+ 33. Kh1 Qh4+ 34. Kg1 f2+ 0-1

[Event "San Francisco TNM Spring op"]
[Site "San Francisco"]
[Date "2017.04.11"]
[Round "5"]
[White "Valente, Marty J"]
[Black "Casares, Nick Jr"]
[Result "0-1"]
[WhiteElo "1352"]
[BlackElo "1600"]
[PlyCount "84"]
[EventDate "2017.03.14"]
[EventType "swiss"]
[EventRounds "8"]
[EventCountry "USA"]
[SourceTitle "EXT 2023"]
[Source "ChessBase"]
[SourceDate "2022.10.05"]
[SourceVersion "1"]
[SourceVersionDate "2022.10.05"]
[SourceQuality "1"]

1. e4 e5 2. Nf3 Nc6 3. d4 exd4 4. Nxd4 Bc5 5. Nb3 Bb6 6. Nc3 Qf6 7. Qe2 Nge7 8. Be3 d6 9. 0-0-0 Be6 10. f3 0-0 11. Kb1 Ne5 12. Nd2 c6 13. g4 N7g6 14. g5 Qe7 15. f4 Bg4 16. Qf2 Bxd1 17. Nxd1 Ng4 18. Qg3 Nxe3 19. Nxe3 Bxe3 20. Qxe3 Rfe8 21. Bd3 f5 22. h4 d5 23. e5 Qd7 24. h5 Nf8 25. Qh3 Qf7 26. Bxf5 g6 27. hxg6 Nxg6 28. Bxg6 Qxg6 29. Rf1 Qe6 30. Qg3 Qf5 31. b3 Re6 32. Nf3 c5 33. Nh2 c4 34. Kb2 cxb3 35. axb3 Rc8 36. Rf2 Rec6 37. Qd3 Qe6 38. Nf1 Rc3 39. Qd4 Qb6 40. Qxb6 axb6 41. Rd2 Rf3 42. Rd4 Rxf1 0-1

[Event "San Francisco TNM Spring op"]
[Site "San Francisco"]
[Date "2017.03.28"]
[Round "3"]
[White "Casares, Nick Jr"]
[Black "Brown, Nicholas"]
[Result "1-0"]
[WhiteElo "1600"]
[BlackElo "1528"]
[PlyCount "99"]
[EventDate "2017.03.14"]
[EventType "swiss"]
[EventRounds "8"]
[EventCountry "USA"]
[SourceTitle "EXT 2023"]
[Source "ChessBase"]
[SourceDate "2022.10.05"]
[SourceVersion "1"]
[SourceVersionDate "2022.10.05"]
[SourceQuality "1"]

1. e4 c6 2. d4 d5 3. exd5 cxd5 4. c4 Nf6 5. c5 Bf5 6. Bb5+ Nc6 7. b4 e6 8. Qa4 Qc8 9. Nf3 a6 10. Be2 Be7 11. Nh4 Bg4 12. f3 Bh5 13. 0-0 0-0 14. Be3 Nd7 15. g3 Bxh4 16. gxh4 Ne7 17. Qd1 Nf5 18. Bf2 Qd8 19. Qe1 Qf6 20. Nd2 Nxd4 21. Bxd4 Qxd4+ 22. Kh1 Qf6 23. f4 Bxe2 24. Qxe2 Qxh4 25. Qe3 Nf6 26. Nf3 Qh6 27. Rg1 Nh5 28. Rg4 g6 29. Rag1 Qg7 30. Ne5 Nf6 31. Rh4 Rfd8 32. Qd4 Nd7 33. Qe3 Nxe5 34. fxe5 Rd7 35. Rd4 Rc7 36. Rc1 Qf8 37. a4 a5 38. Qa3 axb4 39. Qxb4 Rac8 40. Qb6 Rxc5 41. Rb1 Rc1+ 42. Rd1 Rxd1+ 43. Rxd1 Qe7 44. Rb1 Ra8 45. a5 Ra6 46. Qb5 Qd8 47. Qxb7 Rxa5 48. Rc1 d4 49. Rc8 Ra1+ 50. Kg2 1-0

[Event "San Francisco TNM Spring op"]
[Site "San Francisco"]
[Date "2017.03.14"]
[Round "1"]
[White "Casares, Nick Jr"]
[Black "Wong, Russell"]
[Result "0-1"]
[WhiteElo "1600"]
[BlackElo "2060"]
[PlyCount "54"]
[EventDate "2017.03.14"]
[EventType "swiss"]
[EventRounds "8"]
[EventCountry "USA"]
[SourceTitle "EXT 2023"]
[Source "ChessBase"]
[SourceDate "2022.10.05"]
[SourceVersion "1"]
[SourceVersionDate "2022.10.05"]
[SourceQuality "1"]

1. e4 Nf6 2. e5 Nd5 3. c4 Nb6 4. d4 d6 5. f4 dxe5 6. fxe5 Nc6 7. Be3 Bf5 8. Bd3 Bxd3 9. Qxd3 Nxe5 10. Qc2 Nexc4 11. Bf2 e6 12. b3 Bb4+ 13. Nc3 Na3 14. Qb2 Nd5 15. Nge2 Nb5 16. Rc1 Nbxc3 17. 0-0 Nxe2+ 18. Qxe2 c6 19. Qg4 0-0 20. Qh3 Be7 21. Bg3 Bg5 22. Rce1 Ne3 23. Rf3 Nf5 24. Be5 Bf6 25. Bxf6 Qxf6 26. Re5 Rad8 27. Qg4 Rxd4 0-1

[Event "San Francisco TNM Winter op"]
[Site "San Francisco"]
[Date "2017.02.21"]
[Round "8"]
[White "Cunningham, Charles"]
[Black "Casares, Nick Jr"]
[Result "0-1"]
[WhiteElo "1453"]
[BlackElo "1585"]
[PlyCount "102"]
[EventDate "2017.01.03"]
[EventType "swiss"]
[EventRounds "8"]
[EventCountry "USA"]
[SourceTitle "EXT 2018"]
[Source "ChessBase"]
[SourceDate "2017.10.13"]
[SourceVersion "1"]
[SourceVersionDate "2017.10.13"]
[SourceQuality "1"]

1. e4 e5 2. Nf3 Nc6 3. d4 exd4 4. Nxd4 Bc5 5. Nxc6 bxc6 6. g3 Qf6 7. f4 d6 8. Nc3 a5 9. Qf3 Ba7 10. Bd2 Nh6 11. h3 0-0 12. 0-0-0 Kh8 13. Bd3 Re8 14. g4 Ng8 15. g5 Qd4 16. e5 Bd7 17. Bxh7 g6 18. Bxg6 fxg6 19. exd6 cxd6 20. h4 Qf2 21. Qd3 Bf5 22. Qxd6 Qd4 23. Qxc6 Rac8 24. Qg2 Qf2 25. Qxf2 Bxf2 26. h5 gxh5 27. Rxh5+ Kg7 28. Rh2 Be3 29. Bxe3 Rxe3 30. Rd5 Ne7 31. Rxa5 Rd8 32. Re2 Rxe2 33. Nxe2 Bg4 34. Ra7 Kf8 35. Nc3 Nc6 36. Rc7 Nb4 37. b3 Bf5 38. Nb1 Nxa2+ 39. Kb2 Nb4 40. Na3 Nd5 41. Rc5 Ne3 42. Re5 Nd1+ 43. Kc1 Bg4 44. f5 Nf2 45. f6 Bh5 46. Re7 Bg6 47. Rg7 Bf5 48. g6 Rd1+ 49. Kb2 Rg1 50. Rf7+ Kg8 51. g7 Kxf7 0-1

[Event "San Francisco TNM Winter op"]
[Site "San Francisco"]
[Date "2017.02.14"]
[Round "7"]
[White "White, Benjamin M"]
[Black "Casares, Nick Jr"]
[Result "1/2-1/2"]
[WhiteElo "1721"]
[BlackElo "1585"]
[PlyCount "79"]
[EventDate "2017.01.03"]
[EventType "swiss"]
[EventRounds "8"]
[EventCountry "USA"]
[SourceTitle "EXT 2018"]
[Source "ChessBase"]
[SourceDate "2017.10.13"]
[SourceVersion "1"]
[SourceVersionDate "2017.10.13"]
[SourceQuality "1"]

1. e4 e5 2. Nf3 Nc6 3. Bc4 Nf6 4. Ng5 Bc5 5. Nxf7 Bxf2+ 6. Kf1 Qe7 7. Nxh8 d5 8. Bxd5 Bg4 9. Kxf2 Bxd1 10. Rxd1 Nxd5 11. exd5 Nd4 12. Na3 0-0-0 13. c3 Qf6+ 14. Ke3 Nb3 15. axb3 Qf4+ 16. Kd3 Qf5+ 17. Ke3 Rxd5 18. d4 Qf4+ 19. Kd3 Qf5+ 20. Kc4 e4 21. Bf4 Ra5 22. d5 Qxf4 23. b4 b5+ 24. Nxb5 e3+ 25. Rd4 Rxa1 26. Rxf4 e2 27. Nxa7+ Kd7 28. Re4 e1Q 29. Rxe1 Rxe1 30. Nf7 h6 31. Nc6 Re2 32. Nfe5+ Kd6 33. Kd4 Rd2+ 34. Ke4 Rxd5 35. c4 Rd2 36. Kf5 Rxb2 37. c5+ Kd5 38. Ne7+ Kd4 39. N7c6+ Kd5 40. Ne7+ 1/2-1/2

[Event "San Francisco TNM Winter op"]
[Site "San Francisco"]
[Date "2017.01.31"]
[Round "5"]
[White "Casares, Nick Jr"]
[Black "Mays, Jerry L"]
[Result "1/2-1/2"]
[WhiteElo "1585"]
[BlackElo "1731"]
[PlyCount "35"]
[EventDate "2017.01.03"]
[EventType "swiss"]
[EventRounds "8"]
[EventCountry "USA"]
[SourceTitle "EXT 2018"]
[Source "ChessBase"]
[SourceDate "2017.10.13"]
[SourceVersion "1"]
[SourceVersionDate "2017.10.13"]
[SourceQuality "1"]

1. e4 e5 2. Nf3 Nf6 3. d4 Nxe4 4. dxe5 d5 5. exd6 Bxd6 6. Qd4 0-0 7. Be3 Re8 8. Nc3 Nc6 9. Qd1 Bg4 10. Nxe4 Rxe4 11. Bd3 Rxe3+ 12. fxe3 Qf6 13. 0-0 Qh6 14. Qe1 Bxf3 15. Rxf3 Qxh2+ 16. Kf1 Qh1+ 17. Kf2 Qh4+ 18. Kf1 1/2-1/2

[Event "San Francisco TNM Winter op"]
[Site "San Francisco"]
[Date "2017.01.17"]
[Round "3"]
[White "Casares, Nick Jr"]
[Black "Kim, Isaiah T"]
[Result "0-1"]
[WhiteElo "1585"]
[BlackElo "1911"]
[PlyCount "50"]
[EventDate "2017.01.03"]
[EventType "swiss"]
[EventRounds "8"]
[EventCountry "USA"]
[SourceTitle "EXT 2018"]
[Source "ChessBase"]
[SourceDate "2017.10.13"]
[SourceVersion "1"]
[SourceVersionDate "2017.10.13"]
[SourceQuality "1"]

1. e4 c6 2. d4 d5 3. exd5 cxd5 4. c4 Nf6 5. c5 g6 6. b4 Bg7 7. Nf3 0-0 8. Bb2 Bg4 9. Be2 Nh5 10. Ne5 Bxe2 11. Qxe2 Nf4 12. Qf3 Ne6 13. Nd2 Nc6 14. Nxc6 bxc6 15. Qe3 Qb8 16. a3 a5 17. 0-0 axb4 18. Nf3 bxa3 19. Rxa3 Qxb2 20. Rb3 Qc2 21. Rb7 Rfb8 22. Rb6 Rxb6 23. cxb6 Qb2 24. Ne5 Bxe5 25. Qxe5 Qxb6 0-1

[Event "San Francisco TNM Winter op"]
[Site "San Francisco"]
[Date "2017.01.10"]
[Round "2"]
[White "Adams, Sophie"]
[Black "Casares, Nick Jr"]
[Result "0-1"]
[WhiteElo "1492"]
[BlackElo "1585"]
[PlyCount "46"]
[EventDate "2017.01.03"]
[EventType "swiss"]
[EventRounds "8"]
[EventCountry "USA"]
[SourceTitle "EXT 2018"]
[Source "ChessBase"]
[SourceDate "2017.10.13"]
[SourceVersion "1"]
[SourceVersionDate "2017.10.13"]
[SourceQuality "1"]

1. e4 e5 2. Nf3 Nc6 3. Bc4 Nf6 4. d3 d5 5. exd5 Nxd5 6. 0-0 Be7 7. h3 0-0 8. Nbd2 Kh8 9. Re1 Nf4 10. Kh1 f5 11. Nf1 Ng6 12. Qd2 Bd6 13. Ng5 e4 14. Kg1 Nge5 15. Be6 Nd4 16. Bxc8 Rxc8 17. dxe4 h6 18. c3 hxg5 19. cxd4 Nc6 20. e5 Bb4 21. Qe2 Bxe1 22. Qxe1 Nxd4 23. Qc3 Ne2+ 0-1

[Event "San Francisco Benson Memorial"]
[Site "San Francisco"]
[Date "2016.09.20"]
[Round "8"]
[White "Casares, Nick Jr"]
[Black "Waharte, Louka"]
[Result "1/2-1/2"]
[WhiteElo "1617"]
[BlackElo "1366"]
[PlyCount "45"]
[EventDate "2016.08.02"]
[EventType "swiss"]
[EventRounds "9"]
[EventCountry "USA"]
[SourceTitle "EXT 2018"]
[Source "ChessBase"]
[SourceDate "2017.10.13"]
[SourceVersion "1"]
[SourceVersionDate "2017.10.13"]
[SourceQuality "1"]

1. e4 e5 2. f4 Bc5 3. Nf3 d6 4. d4 exd4 5. Nxd4 Nf6 6. Nc3 Bxd4 7. Qxd4 Nc6 8. Bb5 Bd7 9. Bxc6 Bxc6 10. Be3 Qe7 11. 0-0-0 Bxe4 12. Rhe1 0-0-0 13. Qxa7 Rhe8 14. Bf2 b6 15. Rxe4 Nxe4 16. Nd5 Nxf2 17. Nxe7+ Rxe7 18. Qa8+ Kd7 19. Qa4+ Kc8 20. Rf1 Ne4 21. Qa8+ Kd7 22. Qa4+ Kc8 23. Qa8+ 1/2-1/2

[Event "San Francisco TNM Summer op"]
[Site "San Francisco"]
[Date "2016.07.05"]
[Round "7"]
[White "Casares, Nick Jr"]
[Black "Newey, Richard H"]
[Result "1/2-1/2"]
[WhiteElo "1600"]
[BlackElo "1811"]
[PlyCount "75"]
[EventDate "2016.05.24"]
[EventType "swiss"]
[EventRounds "8"]
[EventCountry "USA"]
[SourceTitle "EXT 2018"]
[Source "ChessBase"]
[SourceDate "2017.10.13"]
[SourceVersion "1"]
[SourceVersionDate "2017.10.13"]
[SourceQuality "1"]

1. e4 c5 2. Nf3 d6 3. d4 cxd4 4. Nxd4 Nf6 5. Nc3 Nc6 6. f3 Qb6 7. Be3 Qxb2 8. Ncb5 Qb4+ 9. Bd2 Qc5 10. Nc7+ Kd8 11. Nxa8 Nxd4 12. c3 Ne6 13. Qc1 b6 14. Be3 Qc6 15. Qa3 Nd7 16. Rb1 g6 17. Nxb6 axb6 18. Bb5 Qb7 19. 0-0 Ndc5 20. Bd4 Rg8 21. Rfd1 Nxd4 22. cxd4 Ne6 23. Qd3 Bh6 24. g3 Nc7 25. a4 f5 26. d5 fxe4 27. fxe4 Qa7 28. Ra1 Bg4 29. Rf1 Qa5 30. Qd4 Bg7 31. Qxg7 Rxg7 32. Rf8+ Ne8 33. Rxe8+ Kc7 34. Rc1+ Kb7 35. Bc6+ Kc7 36. Bb5+ Kb7 37. Bc6+ Kc7 38. Bb5+ 1/2-1/2

[Event "San Francisco TNM Summer op"]
[Site "San Francisco"]
[Date "2016.06.28"]
[Round "6"]
[White "Kim, Isaiah T"]
[Black "Casares, Nick Jr"]
[Result "1/2-1/2"]
[WhiteElo "1836"]
[BlackElo "1600"]
[PlyCount "75"]
[EventDate "2016.05.24"]
[EventType "swiss"]
[EventRounds "8"]
[EventCountry "USA"]
[SourceTitle "EXT 2018"]
[Source "ChessBase"]
[SourceDate "2017.10.13"]
[SourceVersion "1"]
[SourceVersionDate "2017.10.13"]
[SourceQuality "1"]

1. d4 d5 2. c4 dxc4 3. e4 e5 4. Nf3 exd4 5. Nxd4 c5 6. Nf3 Qxd1+ 7. Kxd1 Be6 8. Ng5 Nc6 9. Nxe6 fxe6 10. Bxc4 e5 11. Nc3 0-0-0+ 12. Bd5 Be7 13. Be3 Nf6 14. Ke2 Nd4+ 15. Bxd4 cxd4 16. Be6+ Kb8 17. Nd5 Nxe4 18. Nxe7 Rhe8 19. Bf5 Nf6 20. Nc8 g6 21. Bh3 Nd5 22. g3 d3+ 23. Kd2 e4 24. Rac1 Nb4 25. Rc4 Nc6 26. Ra4 Nd4 27. Nxa7 Rf8 28. f4 Rfe8 29. Bg4 Nf3+ 30. Bxf3 exf3 31. Nb5 Re2+ 32. Kd1 f2 33. Nc3 Rxb2 34. Ra3 Rc8 35. Rf1 Rc2 36. Rb3 R8xc3 37. Rxc3 Rxc3 38. Rxf2 1/2-1/2

[Event "San Francisco TNM Summer op"]
[Site "San Francisco"]
[Date "2016.06.14"]
[Round "4"]
[White "Kokish, Iris Roberta"]
[Black "Casares, Nick Jr"]
[Result "1-0"]
[WhiteElo "1855"]
[BlackElo "1600"]
[PlyCount "46"]
[EventDate "2016.05.24"]
[EventType "swiss"]
[EventRounds "8"]
[EventCountry "USA"]
[SourceTitle "EXT 2018"]
[Source "ChessBase"]
[SourceDate "2017.10.13"]
[SourceVersion "1"]
[SourceVersionDate "2017.10.13"]
[SourceQuality "1"]

1. e4 e5 2. f4 exf4 3. Nf3 d5 4. exd5 Nf6 5. Bb5+ c6 6. dxc6 bxc6 7. Bc4 Bg4 8. Bxf7+ Kxf7 9. Ne5+ Kg8 10. Nxg4 Qe7+ 11. Kf1 Nbd7 12. d4 Re8 13. Nxf6+ Qxf6 14. c3 h6 15. Qf3 Qe6 16. Bd2 Bd6 17. Na3 Kh7 18. Qd3+ g6 19. Nc4 Bc7 20. Re1 Qd5 21. b3 Rxe1+ 22. Bxe1 Re8 23. Bd2 Nc5 1-0

[Event "San Francisco TNM Summer op"]
[Site "San Francisco"]
[Date "2016.06.07"]
[Round "3"]
[White "Casares, Nick Jr"]
[Black "Hilliard, Michael"]
[Result "1-0"]
[WhiteElo "1600"]
[BlackElo "1406"]
[PlyCount "65"]
[EventDate "2016.05.24"]
[EventType "swiss"]
[EventRounds "8"]
[EventCountry "USA"]
[SourceTitle "EXT 2018"]
[Source "ChessBase"]
[SourceDate "2017.10.13"]
[SourceVersion "1"]
[SourceVersionDate "2017.10.13"]
[SourceQuality "1"]

1. e4 c6 2. d4 d5 3. exd5 cxd5 4. c4 Nf6 5. Nc3 e6 6. c5 Nc6 7. Nf3 b6 8. Bb5 Bb7 9. b4 Be7 10. Ne5 Qc7 11. Qa4 0-0 12. Bxc6 Rfb8 13. Bxb7 Rxb7 14. c6 Rbb8 15. Nb5 Qc8 16. 0-0 a6 17. Nc3 b5 18. Qb3 Qc7 19. a3 h6 20. Bd2 Bd6 21. f4 Ne8 22. Rac1 Bxe5 23. fxe5 Qxc6 24. Ne4 Qb6 25. Nc5 Rd8 26. Qg3 g5 27. h4 Ng7 28. hxg5 Nf5 29. Qg4 hxg5 30. Bxg5 Kf8 31. Bxd8 Rxd8 32. Rxf5 exf5 33. Qxf5 1-0

[Event "San Francisco TNM Spring op"]
[Site "San Francisco"]
[Date "2016.03.22"]
[Round "2"]
[White "Casares, Nick Jr"]
[Black "Bayaraa, Bilguun"]
[Result "1-0"]
[WhiteElo "1604"]
[BlackElo "1021"]
[PlyCount "51"]
[EventDate "2016.03.15"]
[EventType "swiss"]
[EventRounds "8"]
[EventCountry "USA"]
[SourceTitle "EXT 2018"]
[Source "ChessBase"]
[SourceDate "2017.10.13"]
[SourceVersion "1"]
[SourceVersionDate "2017.10.13"]
[SourceQuality "1"]

1. e4 e5 2. Nf3 Nc6 3. Bc4 d6 4. c3 Qf6 5. d4 Bg4 6. d5 Nd8 7. Be2 Qg6 8. h3 Bxf3 9. Bxf3 Nf6 10. Qe2 c6 11. c4 b5 12. cxb5 cxd5 13. exd5 Rc8 14. Nc3 Nb7 15. 0-0 Nc5 16. Rd1 Be7 17. b4 Ncd7 18. Ne4 h5 19. Bb2 Qh6 20. Bc1 Rxc1 21. Raxc1 g5 22. Rc8+ Bd8 23. Nxd6+ Kf8 24. Rxd8+ Kg7 25. Rxh8 Kxh8 26. Nxf7+ 1-0

[Event "San Francisco TNM Fall op"]
[Site "San Francisco"]
[Date "2015.12.08"]
[Round "8"]
[White "Casares, Nick Jr"]
[Black "Alzhin, Leonid"]
[Result "0-1"]
[WhiteElo "1639"]
[BlackElo "1738"]
[PlyCount "62"]
[EventDate "2015.10.20"]
[EventType "swiss"]
[EventRounds "9"]
[EventCountry "USA"]
[SourceTitle "EXT 2023"]
[Source "ChessBase"]
[SourceDate "2022.10.05"]
[SourceVersion "1"]
[SourceVersionDate "2022.10.05"]
[SourceQuality "1"]

1. e4 e5 2. Nf3 Nc6 3. Bc4 Be7 4. Nc3 Nf6 5. d3 d6 6. a3 Bg4 7. h3 Bh5 8. g4 Bg6 9. Nh4 Nd4 10. Nxg6 hxg6 11. g5 Nh7 12. Nb5 Nxb5 13. Bxb5+ c6 14. Ba4 Nxg5 15. Bb3 Rh4 16. Be3 Qc7 17. Qe2 0-0-0 18. 0-0-0 Rdh8 19. Rdg1 Ne6 20. Bxe6+ fxe6 21. Rxg6 Bf6 22. Qf3 Qf7 23. Rg3 Kb8 24. Kb1 Qe7 25. Rhg1 d5 26. Rxg7 Bxg7 27. Bg5 Qf8 28. Qxf8+ Bxf8 29. Bxh4 Rxh4 30. Rg8 Rf4 31. h4 Kc7 0-1